| 000 | 01366nam a2200337Ic 4500 | ||
|---|---|---|---|
| 001 | 58479 | ||
| 003 | CO-BoRNBP | ||
| 005 | 20250822221535.0 | ||
| 007 | ta | ||
| 008 | 180815s9999 xx 000 0 und d | ||
| 020 | _a9789584251114 | ||
| 040 |
_aCO-BoRNBP _bspa _erda _cCO-BoRNBP |
||
| 041 | _aspa | ||
| 082 | 0 | _a301 B18t | |
| 100 | 1 |
_aBauman, Zygmunt, _d1925-2017 _eaut _963296 |
|
| 245 | 1 | 0 |
_aTiempos líquidos : _bvivir en una época de incertidumbre / _cZygmunt Bauman ; traducción de Carmen Corral. |
| 250 | _aSegunda edición | ||
| 264 | 1 |
_aBogotá, Colombia : _bPlaneta, _c[Fecha de publicación no identificada] |
|
| 300 | _a169 páginas | ||
| 336 |
_atexto _btxt _2rdacontent |
||
| 337 |
_asin mediación _bn _2rdamedia |
||
| 338 |
_avolumen _bnc _2rdacarrier |
||
| 500 | _aIncluye índice onomástico al final del texto \ Recomendado para público adulto \ Título original: Liquid times. Living in an age of uncertainty \ EL autor recibió el Premio príncipe de Asturias de Comunicación y Humanidades 2010 \ Incluye datos biográficos del autor en la solapa | ||
| 650 | 0 | 7 |
_aCambio social _2lemb |
| 650 | 0 | 4 |
_aCuentos juveniles colombianos _ySiglo XX _2LEMB _963244 |
| 650 | 0 | 7 |
_aIncertidumbre _2lemb _963297 |
| 650 | 0 | 7 |
_aIndividualismo _2lemb _911675 |
| 650 | 0 | 7 |
_aSociología _2lemb _942736 |
| 700 | 1 |
_aCorral, Carmen _963298 |
|
| 942 |
_cBK _2ddc |
||
| 999 |
_c58479 _d58479 |
||